| 000 | 00500pab a2200181 454500 | ||
|---|---|---|---|
| 008 | 180718b2013 xxu||||| |||| 00| 0 eng d | ||
| 100 | _aHotchkiss, Julie L. | ||
| 245 | _aThe expected impact of state immigration legislation on labor market outcomes | ||
| 260 | _c2013 | ||
| 300 | _ap.34-59. | ||
| 362 | _aWinter | ||
| 650 | _aImmigration | ||
| 650 | _aLabour market | ||
| 700 | _aQuispe-Agnoli, Myriam | ||
| 773 | _aJournal of Policy Analysis and Management | ||
| 908 | _aN | ||
| 909 | _a99612 | ||
| 999 |
_c99611 _d99611 |
||